000 005870000a22001810004500
003 MACL
005 20160225162946.0
008 160225b xxu||||| |||| 00| 0 eng d
040 _aMACL
_cMACL
041 _aHindi
082 _a800
100 _aप्रो अवध प्रसाद वाजपेयी
_940498
245 _aरवीन्‍द्र साहित्‍य और समीक्षा
260 _bसाहित्‍य प्रकाशन
_c1958
_aदिल्‍ली
350 _a3
650 _aLiteracture
_939932
942 _cHIN
_k800
_2ddc
999 _c24678
_d24678